Nguyễn Khuyến (1835-1909)

Phác họa chân dung của nhà thơ Nguyễn Khuyến trên cơ sở tư liệu trực tiếp và gián tiếp, những tư liệu mang tính dân gian, dựng lại hình ảnh nhà thơ của một thời để lại cho muôn đời

Saved in:
Bibliographic Details
Main Author: Giang Hà Vị
Format: Book
Language:Undetermined
Published: Hà Nội Văn học 1996
Subjects:
Tags: Add Tag
No Tags, Be the first to tag this record!
Institutions: Trung tâm Học liệu Trường Đại học Cần Thơ
LEADER 00861nam a2200205Ia 4500
001 CTU_15587
008 210402s9999 xx 000 0 und d
020 |b 15000đ 
082 |a 809 
082 |b V300 
100 |a Giang Hà Vị 
245 0 |a Nguyễn Khuyến (1835-1909) 
245 0 |c Giang Hà Vị, Viết Linh 
260 |a Hà Nội 
260 |b Văn học 
260 |c 1996 
520 |a Phác họa chân dung của nhà thơ Nguyễn Khuyến trên cơ sở tư liệu trực tiếp và gián tiếp, những tư liệu mang tính dân gian, dựng lại hình ảnh nhà thơ của một thời để lại cho muôn đời 
650 |a vietnamese literature - 19th century - history and criticism 
904 |i Minh, 970414 
980 |a Trung tâm Học liệu Trường Đại học Cần Thơ